00925nam a2200253 i 4500001000300000245009400003260005400097300003100151504003500182650004400217700002700261710003400288020001500322040000800337041001300345080002300358920001800381942000700399008004100406999001700447856009800464952005800562952005100620bg00aInformatyka :bterminologia znormalizowana i wykaz norm ;cPolski Komitet Normalizacyjny. aWarszawa :bPolski Komitet Normalizacyjny,c2006. a506 s. ;c30 cm +eCD ROM. aIndeksy terminów pol. i ang. 9aInformatykaxterminologiaxnormalizacja1 aWAĆKOWSKI, Kazimierz 0aPolski Komitet Normalizacyjny a8324389563 cBPK0 apolbeng a004(038)=162.1=111 a83-243-8956-3 cKA s pl f |000 0 pol  c35184d35184 uhttp://koha.tu.koszalin.pl/cgi-bin/koha/opac-detail.pl?biblionumber=35184yKatalog online BPK 00104071aBPKbBPKccoKC 3470p02328218t004 IyKA 00104070aBPKbBPKcwoKC 3471p02328201yKA